000 02081cam a2200565 a 4500
999 _c64145
_d64145
001 2125272
003 CO-MdFUSB
005 20180824115510.0
008 970528t19991998enk g b 001 0 eng
010 _a 97024739
020 _a0195115570 (cloth)
040 _aDLC
_cCO-MdFUSB
_dCO-MdFUSB
_bspa
_erda
041 _aeng
082 0 0 _221
_aG 261.55
_bEV92e
242 0 0 _aEvangélicos y ciencia en perspectiva histórica
_lInglés
245 0 0 _aEvangelicals and science in historical perspective
_c/ editado por David N. Livingstone, D.G. Hart, Mark A. Noll.
264 1 _aNew York :
_bOxford University Press,
_c℗1999.
264 4 _c©1999
300 _avi, 351 páginas ;
_c24 cm.
_b:
336 _2rdacontent
_atexto
_btxt
337 _2rdamedia
_asin mediación
_bn
338 _2rdacarrier
_avolumen
_bnc
490 1 _aReligion in America series
501 _aIncluye índice (p. 341- 351)
505 _aParte I / Vista general -- Parte II / Orientaciones -- Parte III / Enfrentamientos teológicos -- Parte IV / Encuentros específicos -- Parte V / Dominios más ampliosos
650 7 _aReligión y ciencia
_xHistoria
_9387
650 0 _aProtestantismo
_9947
700 1 _aLivingstone, David N.,
_d1953-
_eeditor
700 1 _aHart, D. G.
_q(Darryl G.)
_eeditor
700 1 _aNoll, Mark A.,
_d1946-
_eeditor
720 _aBrooke, John Hedley
720 _aMorgan, John
720 _aDavis, Edward B.
720 _aBebbington, David W.
720 _aTopham, Jonathan R.
720 _aStiling, Rodney L.
720 _aMoore, James
720 _aNumbers, Ronald L.
720 _aEskridge, Larry
720 _aGuelzo, Allen C.
720 _aGauvreau, Michael
720 _aChristie, Nancy
720 _aMarsden, George
830 0 _aReligion in America series (Oxford University Press)
906 _a7
_bcbc
_corignew
_d1
_eocip
_f19
_gy-gencatlg
942 _cBK